000 00978nam a22003131i 4500
001 17305
003 ES-MaACL
005 20230906152439.0
007 t|
008 010126s1981 sp r ||||0| spa j
016 7 _zIND9100068619
020 _a84-7490-052-5
040 _aM-BN
_bspa
_cA2
080 _a892.7-23"19"
100 1 _aAl-Bayati, Abd al-Wahhab.
_919045
245 1 0 _aJuicio en Nisapur /
_cAbdelwahhab al-Bayati ; [traducción del arabe] y prólogo de Carmen Ruiz Bravo.
260 _aMadrid :
_bEncuentro,
_cD.L. 1981.
300 _a75 p. ;
_c21 cm.
490 1 _aCreación literaria ;
_v6
500 _aIndice.
504 _aBibliografía: p. 73-73.
700 1 _aRuiz Bravo-Villasante, Carmen,
_d1947-
_9100675
830 0 _aCreación literaria ;
_v6
_9178462
852 _aES-MaACL
_jL-24161
_bR.129491
852 _aES-MaACL
_jL-2492
_bR.103253
852 _aES-MaACL
_jL-3438
_bR.103902
999 _c17305
_d17305